Quantitative techniques for decision making / (Record no. 132368)

MARC details
000 -LEADER
fixed length control field 00888nam a22002777a 4500
003 - CONTROL NUMBER IDENTIFIER
control field dpl
005 - DATE AND TIME OF LATEST TRANSACTION
control field 20180604152624.0
008 - FIXED-LENGTH DATA ELEMENTS--GENERAL INFORMATION
fixed length control field 180604b xxu||||| |||| 00| 0 eng d
010 ## - LIBRARY OF CONGRESS CONTROL NUMBER
LC control number B-127261
020 ## - INTERNATIONAL STANDARD BOOK NUMBER
Terms of availability 350.00
International Standard Book Number 8120329562
035 ## - SYSTEM CONTROL NUMBER
System control number B-127261, B-127280
037 ## - SOURCE OF ACQUISITION
Source of stock number/acquisition Cen Lib/Ret
040 ## - CATALOGING SOURCE
Original cataloging agency DPL
Language of cataloging EN
Transcribing agency 0
082 ## - DEWEY DECIMAL CLASSIFICATION NUMBER
Classification number 519.3
Item number GUP
100 ## - MAIN ENTRY--PERSONAL NAME
Personal name Gupta, M.P.
9 (RLIN) 98801
245 ## - TITLE STATEMENT
Title Quantitative techniques for decision making /
Statement of responsibility, etc by M.P.Gupta [and] R.B.Khanna
250 ## - EDITION STATEMENT
Edition statement 2nd ed
260 ## - PUBLICATION, DISTRIBUTION, ETC. (IMPRINT)
Place of publication, distribution, etc New Delhi
Name of publisher, distributor, etc Prentice Hall of India
Date of publication, distribution, etc 2006
270 ## - ADDRESS
Address M-97, Connaught Circus
City New Delhi
Postal code 110001
300 ## - PHYSICAL DESCRIPTION
Extent xii, 591p. :
Dimensions 24cm(pbk)
Other physical details ill.
500 ## - GENERAL NOTE
General note Includes index
650 ## - SUBJECT ADDED ENTRY--TOPICAL TERM
Topical term or geographic name as entry element Decision making -- Mathematical models
9 (RLIN) 98802
650 ## - SUBJECT ADDED ENTRY--TOPICAL TERM
Topical term or geographic name as entry element Management -- Statistical methods
9 (RLIN) 32625
700 ## - ADDED ENTRY--PERSONAL NAME
Personal name Khanna, R.B.
9 (RLIN) 34495
942 ## - ADDED ENTRY ELEMENTS (KOHA)
Source of classification or shelving scheme Dewey Decimal Classification
Koha item type English Books
Classification part 519.3
Call number suffix GUP
Holdings
Withdrawn status Lost status Damaged status Not for loan Home library Current library Date acquired Source of acquisition Cost, normal purchase price Total Checkouts Total Renewals Full call number Barcode Date last seen Date checked out Copy number Cost, replacement price Price effective from Koha item type Source of classification or shelving scheme Collection code
        Central Library Central Library 22/07/2015 Cen Lib/Ret 350.00 3 2 519.3 GUP B-127261 08/06/2019 14/05/2019 1 350.00 22/07/2015 English Books    
        Sarojini Nagar Sarojini Nagar 24/07/2018     1 2 519.3 GUP B-127270 18/08/2022 09/07/2022     24/07/2018 English Books Dewey Decimal Classification Non-fiction
        Shahdara Branch Shahdara Branch 04/06/2018 BPPD/PUB 350.00     519.3 GUP B-127280 04/06/2018     350.00 04/06/2018 English Books Dewey Decimal Classification Non-fiction

© Delhi Public Library
Hit Counter
free hit counter